00491nam a2200169Ia 4500008004100000100002100041245008100062260001100143300002000154440002700174521000900201650002300210650001300233650002800246650002400274650002300298140626s9999 xx 000 0 und d aKidwell, Blair.. aEmotional intelligence in marketing exchanges /cBlair Kidwell ... [et al.]. cc2011. a75 : 1, page 78 aJournal of Marketing  aBSBA aCognitive ability. aEmotion. aEmotional intelligence. aMarketing exchange. aSales performance.